| 000 | 00922nas a2200313 4500 | ||
|---|---|---|---|
| 001 | BR2017001653 | ||
| 003 | BR-BrBNA | ||
| 005 | 20231205130959.0 | ||
| 007 | ta | ||
| 008 | 230509b bl.|||p| |||| 00| 00por d | ||
| 040 |
_aBR-BrBNA _bpor _cBiblioteca Nacional de Agricultura |
||
| 041 | _a(Pt) | ||
| 072 | _aH10 | ||
| 100 | 1 | _aSouza, J.C. de | |
| 100 | 1 | _aSilva, R.A. | |
| 100 | 1 | _aSanta-Cecília, L.V.C. | |
| 100 | 1 | _aMatos, C. de S.M. de | |
| 245 | 1 | _aPragas da goiabeira | |
| 650 | _aGOIABA | ||
| 650 | _aPRAGA DE PLANTA | ||
| 650 | _aCOLEOBROCA | ||
| 650 | _aMOSCA BRANCA | ||
| 650 | _aPERDA DA PRODUÇÃO | ||
| 650 | _aPULVERIZAÇÃO | ||
| 650 | _aCONTROLE CULTURAL | ||
| 773 | 0 |
_tInforme Agropecuário - Empresa de Pesquisa Agropecuária de Minas Gerais (Brazil) _xISSN 0100-3364 _g(2016), v. 37(293) p. 63-81 _wBR2017001653 |
|
| 909 |
_a202311 _bLúcia _c55 _dLúcia Elande |
||
| 942 |
_2AGRIS _n0 _cANA |
||
| 999 |
_c252407 _d252407 |
||